<?xml version="1.0" encoding="UTF-8"?>
<marc:record xmlns:marc="http://www.loc.gov/MARC21/slim">
   <marc:leader>00000nam a2200000 a 4500</marc:leader>
   <marc:datafield ind1="1" ind2=" " tag="100">
      <marc:subfield code="a">Bähr, Christiane</marc:subfield>
      <marc:subfield code="4">edt</marc:subfield>
      <marc:subfield code="e">Bearbeiter/-in</marc:subfield>
   </marc:datafield>
   <marc:datafield ind1="1" ind2=" " tag="100">
      <marc:subfield code="a">Homfeldt, Hans Günther</marc:subfield>
      <marc:subfield code="4">edt</marc:subfield>
      <marc:subfield code="e">Bearbeiter/-in</marc:subfield>
   </marc:datafield>
   <marc:datafield ind1="1" ind2=" " tag="100">
      <marc:subfield code="a">Schröder, Christian</marc:subfield>
      <marc:subfield code="4">edt</marc:subfield>
      <marc:subfield code="e">Bearbeiter/-in</marc:subfield>
   </marc:datafield>
   <marc:datafield ind1="1" ind2=" " tag="100">
      <marc:subfield code="a">Schröer, Wolfgang</marc:subfield>
      <marc:subfield code="4">edt</marc:subfield>
      <marc:subfield code="e">Bearbeiter/-in</marc:subfield>
   </marc:datafield>
   <marc:datafield ind1="1" ind2=" " tag="100">
      <marc:subfield code="a">Schweppe, Cornelia</marc:subfield>
      <marc:subfield code="4">edt</marc:subfield>
      <marc:subfield code="e">Bearbeiter/-in</marc:subfield>
   </marc:datafield>
   <marc:datafield ind1=" " ind2=" " tag="653">
      <marc:subfield code="a">Internationale Sozialarbeit</marc:subfield>
   </marc:datafield>
   <marc:datafield ind1=" " ind2=" " tag="653">
      <marc:subfield code="a">Softcover / Pädagogik/Sozialpädagogik</marc:subfield>
   </marc:datafield>
   <marc:datafield ind1=" " ind2=" " tag="653">
      <marc:subfield code="a">Soziale Arbeit</marc:subfield>
   </marc:datafield>
   <marc:datafield ind1=" " ind2=" " tag="653">
      <marc:subfield code="a">Aufsatzsammlung</marc:subfield>
   </marc:datafield>
   <marc:datafield ind1="0" ind2="0" tag="245">
      <marc:subfield code="a">Weltatlas Soziale Arbeit</marc:subfield>
   </marc:datafield>
   <marc:datafield ind1="0" ind2="0" tag="245">
      <marc:subfield code="b">jenseits aller Vermessungen</marc:subfield>
   </marc:datafield>
   <marc:datafield ind1="0" ind2="0" tag="245">
      <marc:subfield code="c">Christiane Bähr ... (Hrsg.)</marc:subfield>
   </marc:datafield>
   <marc:datafield ind1=" " ind2="1" tag="264">
      <marc:subfield code="a">Weinheim</marc:subfield>
      <marc:subfield code="b">Beltz Juventa</marc:subfield>
   </marc:datafield>
   <marc:datafield ind1="1" ind2=" " tag="520">
      <marc:subfield code="a">Angaben aus der Verlagsmeldung

Weltatlas Soziale Arbeit : Jenseits aller Vermessungen

Der Weltatlas Soziale Arbeit eröffnet die Möglichkeit, sich kritisch mit Diskursen der Sozialen Arbeit auseinander zu setzen, wie sie an unterschiedliche Weltregionen gebunden werden. Dies erscheint notwendig, da die Globalisierung längst die Soziale Arbeit erreicht hat und langfristig eine Neuvermessung der Sozialen Arbeit herausfordert.

Der Weltatlas Soziale Arbeit eröffnet die Möglichkeit, sich kritisch mit Diskursen der Sozialen Arbeit auseinander zu setzen, wie sie an unterschiedliche Weltregionen gebunden werden. Entsprechend wird kein Anspruch erhoben, die Welt im Lichte der Sozialen Arbeit zu vermessen, sondern es werden über den Fokus der Weltregionen die Diskussionen um sozialpädagogische Perspektiven in der globalisierten Welt geöffnet. Dies erscheint notwendig, da die Globalisierung längst die Soziale Arbeit erreicht hat und langfristig eine Neuvermessung der Sozialen Arbeit herausfordert. Der Weltatlas richtet sich an Studierende und Lehrende sowie alle international Interessierte im Feld der Sozialen Arbeit.
</marc:subfield>
   </marc:datafield>
   <marc:datafield ind1=" " ind2=" " tag="020">
      <marc:subfield code="a">9783779928928</marc:subfield>
      <marc:subfield code="9">9783779928928</marc:subfield>
   </marc:datafield>
   <marc:datafield ind1=" " ind2=" " tag="020">
      <marc:subfield code="a">3779928922</marc:subfield>
      <marc:subfield code="9">3779928922</marc:subfield>
   </marc:datafield>
   <marc:datafield ind1=" " ind2=" " tag="041">
      <marc:subfield code="a">ger</marc:subfield>
   </marc:datafield>
   <marc:datafield ind1=" " ind2=" " tag="300">
      <marc:subfield code="a">444 S.</marc:subfield>
   </marc:datafield>
</marc:record>
